00433nam a2200157Ia 4500003000400000005001700004008004100021020001500062040000900077082001700086100002100103245007300124260004300197300000900240650002600249OSt20201027125208.0190216s9999||||xx |||||||||||||| ||und|| a1853262471 coclc a823.8bKIP/C aKipling, Rudyard 0aCaptains Courageous :bA Story Of The Grand Banks /cRudyard Kipling bWordsworth Editions Ltd,c1995.aU.K: a129p aEnglish Short Stories